Japanese military occupation in Burma (1942-45) (Record no. 1319294)

MARC details
000 -LEADER
fixed length control field 00625nam a2200205Ia 4500
005 - DATE AND TIME OF LATEST TRANSACTION
control field 20250507130353.0
008 - FIXED-LENGTH DATA ELEMENTS--GENERAL INFORMATION
fixed length control field 008 250505s9999 xx 000 0 eng d
020 ## - INTERNATIONAL STANDARD BOOK NUMBER
International Standard Book Number 9784872979640
037 ## - SOURCE OF ACQUISITION
Stock number Annuals, Advances
040 ## - CATALOGING SOURCE
Original cataloging agency EASL
Language of cataloging eng
Transcribing agency EASL
041 ## - LANGUAGE CODE
Language code of text/sound track or separate title eng
Source of code eng
084 ## - COLON CLASSIFICATION NUMBER
Classification number V42:19438.N5, P7
Assigning agency EASL
100 ## - MAIN ENTRY--PERSONAL NAME
Personal name Nemoto Kei Ed.
9 (RLIN) 665397
245 #0 - TITLE STATEMENT
Title Japanese military occupation in Burma (1942-45)
260 ## - PUBLICATION, DISTRIBUTION, ETC.
Place of publication, distribution, etc. Japan
Name of publisher, distributor, etc. Tokyo Tokyo University of Foreign Studies
Date of publication, distribution, etc. 2007
300 ## - PHYSICAL DESCRIPTION
Extent vii,236p.
650 ## - SUBJECT ADDED ENTRY--TOPICAL TERM
Topical term or geographic name entry element JEL
942 ## - ADDED ENTRY ELEMENTS (KOHA)
Koha item type Textual
Classification part V42:19438.N5, P7

No items available.

Copyright @ Delhi University Library System